Music Quiz

Random Music Quiz

Guess the Song before the time runs out! #15 Quiz Stats

 Plays Quiz not verified by Sporcle

Challenge
Share
Tweet
Embed
Score 0/11 Timer 05:00
0 Plays Today
Clue No.: Clue: % Correct
Answer:???
100%
Type 10 for clue???
76.9%
Type 9 for clue???
69.2%
Type 8 for clue???
50%
Type 7 for clue???
50%
Type 6 for clue???
42.3%
Type 4 for clue???
34.6%
Type 5 for clue???
34.6%
Type 3 for clue???
30.8%
Type 2 for clue???
11.5%
Type 1 for clue???
0%

You're not logged in!

Compare scores with friends on all Sporcle quizzes.
OR
Log In

You Might Also Like...

Show Comments

Extras

Created Jun 30, 2015ReportNominate
Tags:Guessing Game, hint

Top Quizzes Today


Score Distribution

Your Account Isn't Verified!

In order to create a playlist on Sporcle, you need to verify the email address you used during registration. Go to your Sporcle Settings to finish the process.

Report this User

Report this user for behavior that violates our Community Guidelines.

Details: